| 000 | nam a22 7a 4500 | ||
|---|---|---|---|
| 999 |
_c5 _d5 |
||
| 005 | 20180904120838.0 | ||
| 008 | 170412b2015 my ||||| |||| 00| 0 may d | ||
| 020 | _a9789678924795 (paperback) | ||
| 040 | _aAKMAL | ||
| 082 |
_223 _a343.595056 MAL |
||
| 090 |
_a343.595056 _bMAL _d |
||
| 110 | 1 |
_aMalaysia _ejurisdiction governed _924 |
|
| 245 | 1 | 0 |
_aAKTA KASTAM 1967 (AKTA 235), PERATURAN-PERATURAN DAN PERINTAH _bPINDAAN HINGGA 20HB FEBRUARI 2015 _cDisusun oleh: Lembaga Penyelidikan Undang-Undang / |
| 246 | _aAKTA KASTAM 1967 (AKTA 235) | ||
| 260 | 1 |
_aPetaling Jaya, Selangor : _bInternational Law Book Services ; _c2015 |
|
| 300 |
_a256 pages ; _c24 cm |
||
| 490 | 1 | _aUNDANG-UNDANG MALAYSIA | |
| 599 | _aDALAM PROSES | ||
| 600 | 1 | 0 |
_x _925 |
| 650 | 1 | 0 |
_aTariff _xLaw and legislation _zMalaysia _920 |
| 650 | 2 | 0 |
_aCustoms administration _xLaw and legislation _zMalaysia _926 |
| 710 | 2 |
_aLembaga Penyelidikan Undang-Undang, _927 |
|
| 830 | 0 |
_aUndang-undang Malaysia _928 |
|
| 942 |
_2ddc _cLAW |
||